<?xml version="1.0" encoding="UTF-8"?>
<collection xmlns="http://www.loc.gov/MARC21/slim">
 <record>
  <leader>00547pamaa2200133   4500</leader>
  <controlfield tag="001">0000032450</controlfield>
  <controlfield tag="005">20140822090000.0</controlfield>
  <datafield tag="090" ind1="0" ind2="0">
   <subfield code="a">LB1575.8 </subfield>
   <subfield code="b">TOM 2001</subfield>
  </datafield>
  <datafield tag="245" ind1="0" ind2="0">
   <subfield code="a">TOMORROW'S enterprise : </subfield>
   <subfield code="b">&quot;towards a learning organization&quot;  </subfield>
   <subfield code="c">organised by World Enterprise Institute on 22 May 2001 at Plaza Komanwel, Bukit Jalil Kuala Lumpur.</subfield>
  </datafield>
  <datafield tag="260" ind1="0" ind2="0">
   <subfield code="a">Bukit Jalil; Kuala Lumpur: </subfield>
   <subfield code="b">World Enterprise Institute, </subfield>
   <subfield code="c">2001.</subfield>
  </datafield>
  <datafield tag="300" ind1=" " ind2=" ">
   <subfield code="a">various pages: </subfield>
   <subfield code="b">ill.; </subfield>
   <subfield code="c">30cm.</subfield>
  </datafield>
  <datafield tag="610" ind1="1" ind2="0">
   <subfield code="a">World Enterprise Institite </subfield>
  </datafield>
  <datafield tag="650" ind1="0" ind2="0">
   <subfield code="a">Management -- </subfield>
   <subfield code="x">Education Program </subfield>
  </datafield>
  <datafield tag="650" ind1="0" ind2="0">
   <subfield code="a">Seminar paper </subfield>
  </datafield>
 </record>
</collection>
